The roots of prejudice

Enregistré dans:
Détails bibliographiques
Auteur principal: Rose, Arnold (Auteur)
Format: Livre
Langue:anglais
Publié: París UNESCO 1958
Collection:The Race Question in Modern Science
Sujets:
Tags: Ajouter un tag
Pas de tags, Soyez le premier à ajouter un tag!

MARC

LEADER 00000nam a2200000 a 4500
001 UCR9874
003 CL-VaPUC
008 980619e19580000FR |||||||||||||||||eng|d
082 0 4 |a 303.385  |b ROS  |2 21 
100 0 |a Rose, Arnold  |e author  |9 412856 
245 1 4 |a The roots of prejudice 
300 |a 35 p 
942 |c BK 
945 |d 19980619 00:00:00  |a crobeson 
260 |a París  |b UNESCO  |c 1958 
650 7 |a PREJUICIO  |2 CL-VaPUC  |9 337264 
650 0 |a Discriminación   |9 335101 
650 0 |a Problemas sociales  |9 258537 
650 0 |a Discriminación racial  |9 257054 
650 0 |a Psicología social   |9 222894 
583 |a last modification  |c 19980619 00:00:00  |k Rodrigo Vera 
490 0 |a The Race Question in Modern Science 
999 |c 271050  |d 271048 
952 |0 0  |1 0  |4 0  |6 303_385000000000000_ROS_1958  |7 0  |8 A  |9 305543  |a BIBENE  |b BIBENE  |d 2019-11-20  |i 1418815  |o 303.385 ROS 1958  |p 1418815  |r 2025-01-15  |w 2019-11-20  |y BK  |k ICO